000 00246nam a22001097a 4500
999 _c260952
_d260951
020 _a9780064450782
100 _aAliki Brandenberg
245 _aDigging Up Dinosaurs
260 _aNew York
_bHarperCollins
_c1988
300 _a32 pgs
942 _cBK